rapper italiani dai meme - Statistics

Statistiche generali
  • Questo quiz è stato fatto 878 volte
  • Il punteggio medio è 25 su 48
Statistiche sulle risposte
Hint Risposta % Corretto
O sferaebbasta
93%
Rozzano Paky
87%
bufu Tony Effe
86%
zano MadMan
80%
il pazzo più pazzo Marracash
80%
E' bislungo Rondo
79%
portò il mare a milano Tedua
77%
le canne Gemitaiz
75%
gli piace diventare ciò che gli fa schifo Salmo
74%
a detta di molti mini Lazza
72%
il Napoli gioca nel suo giardino Luché
69%
mangia lucertole Fabri Fibra
68%
vento Gue Pequeno
67%
posta frasi motivazionali Geolier
66%
il fu compare di Guè però Jake la furia
65%
il nero che non canta mai Pyrex
64%
piedi Rosa Chemical
62%
sono tutte sue pt.2 Ernia
61%
piace il sugo Mambolosco
59%
lo pompano i piskelli di roma Noyz Narcos
59%
quello scarso della dark Wayne
59%
è libero come un uccello Side
58%
finto criminale peggio di Rondo Baby Gang
57%
non piace alle nazifemministe Emis Killa
55%
quello che urla Taxi B
53%
idolo delle ragazze Rkomi
52%
il muro dee fargli una postpay Sapobully
52%
il king dei Cereali Drefgold
50%
Cinisiello Vegas jones
50%
vola lassù nel cielo Izi
49%
non si capisce quando parla Tha Supreme
49%
lo aspettiamo nudo a sanremo Achille Lauro
44%
ha tre personalità rinchiuse in se Nitro
42%
musetti animaletti Massimo Pericolo
41%
Ma Fareshi Ski e Wok
40%
fa ottimi ritornelli Coez
35%
il lucertola Ketama
35%
sputa sulle mani della ragazza Chiello
34%
sono tutte sue Villabanks
34%
callisto Franco126
31%
il fu compare di gemitaiz Canesecco
28%
Buongiorno Clementino
27%
fa musica per bambini rancore
21%
il professore Murubutu
17%
l'incompreso caparezza
15%
North Face Lele Blade
14%
come lasciarla in modo perfetto Silent Bob
13%
si fa ripassata il Cichoria
1%
Nessun quiz corrispondente trovato
Distribuzione punteggi
Percentuale di utenti per punteggio
Percentile per numero di risposta
I tuoi punteggi nel tempo
Non hai fatto questo quiz